Normal view
MARC view
- COMPOSITE MATERIALS T DESIGN
Entry Topical Term
001 - CONTROL NUMBER
- control field: 64191
003 - CONTROL NUMBER IDENTIFIER
- control field: NUST
005 - DATE AND TIME OF LATEST TRANSACTION
- control field: 20210628203234.0
008 - FIXED-LENGTH DATA ELEMENTS
- fixed length control field: 210628|| aca||aabn | a|a d
040 ## - CATALOGING SOURCE
- Original cataloging agency: NUST
- Transcribing agency: NUST
150 ## - HEADING--TOPICAL TERM
- Topical term or geographic name entry element: COMPOSITE MATERIALS T DESIGN
670 ## - SOURCE DATA FOUND
- Source citation: Work cat.: (NUST): Whitcomb, John D 64190, Composite materials testing and design, eighth conference, 1988
